• 首页
  • 本馆介绍
  • 公告通知
  • 最新文献
  • 馆藏检索
  • 电子资源
  • 读者导购
  • 参考咨询
  • 我的图书馆
  • 登录
  • 详细信息显示
  • 放入我的书架
  • 预约/预借图书
  • 作者相关作品
  • 分类相关作品
  • 丛书相关作品
  • 出版社相关作品

书目信息

  • 表格格式
  • 工作单格式
  • 卡片格式
题名:
汽车自动变速器原理与维修
    
 
作者: 刘宁 , 宋伟 , 张文增 主编
分册:  
出版信息: 镇江   江苏大学出版社  2016.8
页数: 180页
开本: 26cm
丛书名:
单 册:
中图分类: U463.212
科图分类:
主题词: 汽车--自动变速装置--理论--高等学校--教材 , 汽车--自动变速装置--维修--高等学校--教材
电子资源:
ISBN: 978-7-5684-0272-9
000 01051nam0 2200277 450
001 0500003345
005 20171022085927.0
010    @a978-7-5684-0272-9@dCNY36.00
100    @a20170427d2016 em y0chiy50 ea
101 0  @achi
102    @aCN@b320000
105    @aa z 000yy
106    @ar
200 1  @a汽车自动变速器原理与维修@9qi che zi dong bian su qi yuan li yu wei xiu@f刘宁,宋伟,张文增主编
210    @a镇江@c江苏大学出版社@d2016.8
215    @a180页@c图@d26cm
300    @a“十三五”精品课程建设规划教材·汽车类
330    @a本书介绍了汽车自动变速器的结构原理等理论知识,以及自动变速器试验、检测与维修的操作技能,主要内容包括:液力变矩器、齿轮变速机构、液压控制系统、电子控制系统和各部分的检测与维修等。
606 0  @a汽车@x自动变速装置@x理论@x高等学校@j教材
606 0  @a汽车@x自动变速装置@x维修@x高等学校@j教材
690    @aU463.212@v5
701  0 @a刘宁@9liu ning@4主编
701  0 @a宋伟@9song wei@4主编
701  0 @a张文增@9zhang wen zeng@4主编
801  0 @aCN@b91MARC@c20171022
905    @b1036136-40@dU463.212@f5@e637
    
    汽车自动变速器原理与维修/刘宁,宋伟,张文增主编.-镇江:江苏大学出版社,2016.8
    180页:图;26cm
    “十三五”精品课程建设规划教材·汽车类
    
    ISBN 978-7-5684-0272-9:CNY36.00
    本书介绍了汽车自动变速器的结构原理等理论知识,以及自动变速器试验、检测与维修的操作技能,主要内容包括:液力变矩器、齿轮变速机构、液压控制系统、电子控制系统和各部分的检测与维修等。
●
相关链接 在E读中查询图书 在五车中查询图书 在当当中查询图书 在豆瓣中查询图书


正题名:汽车自动变速器原理与维修     索取号:U463.212/637         预约/预借

序号 登录号 条形码 馆藏地/架位号 状态 备注
1 1036136   210361366   第二样本阅览室/ [索取号:U463.212/637] 在馆    
2 1036137   210361375   密集书库-生命科学系/ [索取号:U463.212/637] 在馆    
3 1036138   210361384   第三借阅区/ [索取号:U463.212/637] 在馆    
4 1036139   210361393   第三借阅区/ [索取号:U463.212/637] 在馆    
5 1036140   210361400   第三借阅区/ [索取号:U463.212/637] 在馆    
唐山师范学院图书馆 欢迎您!
大连网信软件有限公司© 版权所有